000 00372 a2200133 4500
005 20250514151815.0
020 _a0 7121 1510 2
082 _a658.402 AND
100 _aANDERSON, R. G.
245 _aThe M & E. Handbook Series : Organisation and Methods
260 _aLondon,
_bMacDonals & Evans,
_c1973.
300 _axvi,336p.: ill.; figure
_bIndex
_c17cm.
942 _2ddc
_cBKS
999 _c2281
_d2281